000 00688nam a22002177a 4500
999 _c9737
_d9737
001 9737
003 OSt
005 20180324130916.0
008 180324b1370 ii ||||| |||| 00| 0 ben d
035 _a(BD-JhCC)9737
040 _aBD-JhCC
_dBD-JhCC
041 _aben
082 _a891.4409
_bGUP 1370
100 _aগুপ্ত, ডক্টর সুশীলকুমার
245 _aনজরুল-চরিতমানস /
_cডক্টর সুশীলকুমার গুপ্ত
260 _aকলিকাতা :
_bদেজ পাবলিশিং
_c1370.
300 _a394 p. :
_c21 cm.
650 _aBengali Literature
942 _2ddc
_cBK